000 00659nam a22001937a 4500
003 AM-YeHGA
005 20250617153603.0
008 171108s xxu||||| |||| 00| 0 rus d
040 _aAM-YeHGA
041 0 _arus
100 1 _aСпасскаго, Л. Г.
245 1 0 _aКритическая оценка методов определения виноградного сахара в моче /
_cЛ.Г. Спасскаго.
260 _aХарьков :
_bТип. А. Дарре,
_c1895.
300 _a104 с.
653 0 _aДиабет сахарный - Клиника
653 0 _aМоча - Сахар
942 _2udc
_cBK
090 _c396375
999 _c394339
_d394339